[Event "National Elementary Championship"]
[Site "Columbus, Ohio, United States"]
[Date "2022.05.14"]
[Round "5.15"]
[White "Wang, Connor"]
[Black "Jing, Andrew"]
[Result "1-0"]
[TimeControl "G/90;d5"]
[WhiteElo "1705"]
[BlackElo "1983"]

1. e4 {[%clk 01:30:00]} e5 {[%clk 01:29:59]} {[%emt 00:00:07]} 2. Nf3 {[%clk
01:30:00]} {[%emt 00:00:01]} Nc6 {[%clk 01:29:59]} {[%emt 00:00:02]} 3. d4
{[%clk 01:30:00]} {[%emt 00:00:01]} exd4 {[%clk 01:29:52]} {[%emt 00:00:12]} 4.
Nxd4 {[%clk 01:30:00]} {[%emt 00:00:02]} Nf6 {[%clk 01:29:49]} {[%emt
00:00:08]} 5. Nxc6 {[%clk 01:30:00]} {[%emt 00:00:03]} bxc6 {[%clk 01:29:49]}
{[%emt 00:00:04]} 6. e5 {[%clk 01:29:55]} {[%emt 00:00:10]} Qe7 {[%clk
01:29:49]} {[%emt 00:00:02]} 7. Qe2 {[%clk 01:29:53]} {[%emt 00:00:06]} Nd5
{[%clk 01:29:48]} {[%emt 00:00:07]} 8. h4 {[%clk 01:29:53]} {[%emt 00:00:04]}
Qe6 {[%clk 01:29:48]} {[%emt 00:00:05]} 9. g3 {[%clk 01:27:58]} {[%emt
00:01:58]} Nb4 {[%clk 01:24:01]} {[%emt 00:05:54]} 10. a3 {[%clk 01:20:42]}
{[%emt 00:07:20]} Ba6 {[%clk 01:23:52]} {[%emt 00:00:16]} 11. c4 {[%clk
01:20:26]} {[%emt 00:00:19]} d5 {[%clk 01:21:40]} {[%emt 00:02:19]} 12. axb4
{[%clk 01:11:37]} {[%emt 00:08:54]} Bxc4 {[%clk 01:21:40]} {[%emt 00:00:02]} 13.
Qe3 {[%clk 01:10:30]} {[%emt 00:01:11]} Bxb4+ {[%clk 01:21:34]} {[%emt
00:00:12]} 14. Bd2 {[%clk 01:10:27]} {[%emt 00:00:06]} Bxf1 {[%clk 01:21:16]}
{[%emt 00:00:24]} 15. Kxf1 {[%clk 01:05:57]} {[%emt 00:04:34]} Be7 {[%clk
01:21:12]} {[%emt 00:00:11]} 16. Rxa7 {[%clk 01:05:49]} {[%emt 00:00:13]} Rxa7
{[%clk 01:21:02]} {[%emt 00:00:14]} 17. Qxa7 {[%clk 01:05:48]} {[%emt
00:00:06]} Qxe5 {[%clk 01:20:59]} {[%emt 00:00:08]} 18. Qa8+ {[%clk 01:05:21]}
{[%emt 00:00:32]} Bd8 {[%clk 01:20:56]} {[%emt 00:00:09]} 19. Qxc6+ {[%clk
01:04:08]} {[%emt 00:01:17]} Kf8 {[%clk 01:19:01]} {[%emt 00:02:01]} 20. Bb4+
{[%clk 00:59:40]} {[%emt 00:04:32]} Kg8 {[%clk 01:18:45]} {[%emt 00:00:20]} 21.
Kg2 {[%clk 00:57:22]} {[%emt 00:02:24]} Qe4+ {[%clk 01:17:59]} {[%emt
00:00:52]} 22. Kh2 {[%clk 00:57:19]} {[%emt 00:00:07]} Qxb4 {[%clk 01:17:54]}
{[%emt 00:00:10]} 23. Qxd5 {[%clk 00:56:44]} {[%emt 00:00:40]} Bf6 {[%clk
01:17:27]} {[%emt 00:00:32]} 24. Re1 {[%clk 00:56:02]} {[%emt 00:00:47]} h6
{[%clk 01:15:27]} {[%emt 00:02:06]} 25. Re8+ {[%clk 00:55:33]} {[%emt
00:00:34]} Kh7 {[%clk 01:15:27]} {[%emt 00:00:02]} 26. Qf5+ {[%clk 00:55:10]}
{[%emt 00:00:26]} g6 {[%clk 01:15:23]} {[%emt 00:00:10]} 27. Qxf6 {[%clk
00:55:01]} {[%emt 00:00:14]} Rxe8 {[%clk 01:15:07]} {[%emt 00:00:21]} 28. Qxf7+
{[%clk 00:55:01]} {[%emt 00:00:02]} Kh8 {[%clk 01:15:04]} {[%emt 00:00:09]} 29.
Qxe8+ {[%clk 00:54:59]} {[%emt 00:00:07]} Kg7 {[%clk 01:15:04]} {[%emt
00:00:01]} 30. Qe2 {[%clk 00:54:31]} {[%emt 00:00:31]} Qc5 {[%clk 01:09:55]}
{[%emt 00:05:15]} 31. Nc3 {[%clk 00:53:32]} {[%emt 00:01:03]} h5 {[%clk
01:09:28]} {[%emt 00:00:34]} 32. Ne4 {[%clk 00:46:11]} {[%emt 00:07:25]} Qe5
{[%clk 01:02:48]} {[%emt 00:06:45]} 33. b3 {[%clk 00:45:57]} {[%emt 00:00:19]}
c5 {[%clk 01:00:25]} {[%emt 00:02:28]} 34. Qe3 {[%clk 00:45:50]} {[%emt
00:00:13]} c4 {[%clk 00:59:54]} {[%emt 00:00:36]} 35. bxc4 {[%clk 00:45:45]}
{[%emt 00:00:10]} Kh7 {[%clk 00:59:11]} {[%emt 00:00:48]} 36. Ng5+ {[%clk
00:45:44]} {[%emt 00:00:06]} Kh6 {[%clk 00:59:11]} 37. Nf7+ {[%clk 00:45:36]}
{[%emt 00:00:13]} Kh7 {[%clk 00:59:10]} {[%emt 00:00:06]} 38. Qxe5 {[%clk
00:45:32]} {[%emt 00:00:09]} Kg8 {[%clk 00:59:09]} {[%emt 00:00:05]} 39. Ng5
{[%clk 00:44:47]} {[%emt 00:00:51]} Kf8 {[%clk 00:59:06]} {[%emt 00:00:08]} 40.
Qe6 {[%clk 00:44:42]} {[%emt 00:00:10]} Kg7 {[%clk 00:59:06]} {[%emt 00:00:05]}
41. Qf7+ {[%clk 00:44:42]} {[%emt 00:00:04]} Kh6 {[%clk 00:59:02]} {[%emt
00:00:09]} 42. Qf8# {[%clk 00:44:37]} {[%emt 00:00:08]} 1-0

[Event "National Elementary Championship"]
[Site "Columbus, Ohio, United States"]
[Date "2022.05.14"]
[Round "5.16"]
[White "Lu, Yiding"]
[Black "Thimmasamudram, Sandeep"]
[Result "1/2-1/2"]
[TimeControl "G/90;d5"]
[WhiteElo "1961"]
[BlackElo "1589"]

1. e4 {[%clk 01:30:00]} e5 {[%clk 01:29:58]} {[%emt 00:00:08]} 2. Nf3 {[%clk
01:30:00]} {[%emt 00:00:03]} Nc6 {[%clk 01:29:58]} {[%emt 00:00:05]} 3. Bc4
{[%clk 01:30:00]} {[%emt 00:00:03]} Bc5 {[%clk 01:29:52]} {[%emt 00:00:11]} 4.
O-O {[%clk 01:30:00]} {[%emt 00:00:04]} d6 {[%clk 01:29:52]} {[%emt 00:00:05]}
5. c3 {[%clk 01:28:50]} {[%emt 00:01:15]} Bg4 {[%clk 01:24:41]} {[%emt
00:05:15]} 6. d3 {[%clk 01:24:48]} {[%emt 00:04:08]} h6 {[%clk 01:24:15]}
{[%emt 00:00:31]} 7. Nbd2 {[%clk 01:23:58]} {[%emt 00:00:55]} a6 {[%clk
01:22:17]} {[%emt 00:02:03]} 8. Bb3 {[%clk 01:18:16]} {[%emt 00:05:48]} Nge7
{[%clk 01:18:50]} {[%emt 00:03:31]} 9. Re1 {[%clk 01:14:30]} {[%emt 00:03:50]}
Ng6 {[%clk 01:17:37]} {[%emt 00:01:19]} 10. h3 {[%clk 01:13:14]} {[%emt
00:01:22]} h5 {[%clk 01:16:32]} {[%emt 00:01:09]} 11. Nf1 {[%clk 01:01:51]}
{[%emt 00:11:28]} Nf4 {[%clk 01:14:42]} {[%emt 00:01:55]} 12. Bxf4 {[%clk
00:46:11]} {[%emt 00:15:45]} exf4 {[%clk 01:14:20]} {[%emt 00:00:27]} 13. d4
{[%clk 00:45:56]} {[%emt 00:00:20]} Bb6 {[%clk 01:13:48]} {[%emt 00:00:36]} 14.
hxg4 {[%clk 00:44:58]} {[%emt 00:01:03]} hxg4 {[%clk 01:13:16]} {[%emt
00:00:38]} 15. N3h2 {[%clk 00:44:22]} {[%emt 00:00:41]} Ne5 {[%clk 01:11:25]}
{[%emt 00:01:56]} 16. Nxg4 {[%clk 00:40:32]} {[%emt 00:03:55]} Qh4 {[%clk
01:10:49]} {[%emt 00:00:40]} 17. Ngh2 {[%clk 00:38:42]} {[%emt 00:01:55]} f3
{[%clk 01:10:44]} {[%emt 00:00:11]} 18. gxf3 {[%clk 00:34:31]} {[%emt
00:04:16]} Rh6 {[%clk 01:08:24]} {[%emt 00:02:25]} 19. Qe2 {[%clk 00:21:56]}
{[%emt 00:12:40]} Ng6 {[%clk 01:06:28]} {[%emt 00:02:01]} 20. f4 {[%clk
00:20:02]} {[%emt 00:02:00]} Nxf4 {[%clk 01:05:25]} {[%emt 00:01:07]} 21. Qf3
{[%clk 00:18:53]} {[%emt 00:01:13]} Nh3+ {[%clk 01:00:50]} {[%emt 00:04:40]} 22.
Kg2 {[%clk 00:18:48]} {[%emt 00:00:10]} Rf6 {[%clk 01:00:36]} {[%emt 00:00:19]}
23. Qxh3 {[%clk 00:15:46]} {[%emt 00:03:07]} Rxf2+ {[%clk 01:00:30]} {[%emt
00:00:10]} 24. Kg1 {[%clk 00:15:46]} {[%emt 00:00:03]} Qxh3 {[%clk 01:00:14]}
{[%emt 00:00:21]} 25. Kxf2 {[%clk 00:15:46]} {[%emt 00:00:05]} O-O-O {[%clk
00:59:52]} {[%emt 00:00:27]} 26. Re3 {[%clk 00:15:32]} {[%emt 00:00:18]} Qh4+
{[%clk 00:59:43]} {[%emt 00:00:15]} 27. Kg2 {[%clk 00:14:54]} {[%emt 00:00:43]}
Kb8 {[%clk 00:58:31]} {[%emt 00:01:17]} 28. Rd1 {[%clk 00:13:50]} {[%emt
00:01:09]} Re8 {[%clk 00:57:54]} {[%emt 00:00:42]} 29. Rde1 {[%clk 00:13:23]}
{[%emt 00:00:32]} Re7 {[%clk 00:54:34]} {[%emt 00:03:24]} 30. Ng3 {[%clk
00:12:46]} {[%emt 00:00:43]} Qg5 {[%clk 00:53:42]} {[%emt 00:00:57]} 31. Nf3
{[%clk 00:12:26]} {[%emt 00:00:25]} Qg4 {[%clk 00:53:34]} {[%emt 00:00:12]} 32.
Rh1 {[%clk 00:12:06]} {[%emt 00:00:25]} g6 {[%clk 00:50:34]} {[%emt 00:03:06]}
33. Rh4 {[%clk 00:10:23]} {[%emt 00:01:48]} Qd7 {[%clk 00:50:27]} {[%emt
00:00:11]} 34. Re1 {[%clk 00:09:45]} {[%emt 00:00:43]} Ka7 {[%clk 00:48:54]}
{[%emt 00:01:39]} 35. Rf4 {[%clk 00:09:35]} {[%emt 00:00:15]} c6 {[%clk
00:47:29]} {[%emt 00:01:30]} 36. Rf1 {[%clk 00:08:56]} {[%emt 00:00:44]} f5
{[%clk 00:46:10]} {[%emt 00:01:24]} 37. e5 {[%clk 00:07:40]} {[%emt 00:01:21]}
d5 {[%clk 00:45:32]} {[%emt 00:00:43]} 38. Ba4 {[%clk 00:07:16]} {[%emt
00:00:29]} Bc7 {[%clk 00:45:14]} {[%emt 00:00:23]} 39. b4 {[%clk 00:07:01]}
{[%emt 00:00:20]} b5 {[%clk 00:45:09]} {[%emt 00:00:09]} 40. Bc2 {[%clk
00:07:00]} {[%emt 00:00:06]} Re8 {[%clk 00:44:04]} {[%emt 00:01:10]} 41. Rh1
{[%clk 00:06:49]} {[%emt 00:00:15]} Re7 {[%clk 00:43:35]} {[%emt 00:00:35]} 42.
Rh6 {[%clk 00:06:42]} {[%emt 00:00:12]} Qe8 {[%clk 00:42:58]} {[%emt 00:00:42]}
43. Ng5 {[%clk 00:06:19]} {[%emt 00:00:28]} Rg7 {[%clk 00:42:29]} 1/2-1/2

[Event "National Elementary Championship"]
[Site "Columbus, Ohio, United States"]
[Date "2022.05.14"]
[Round "5.17"]
[White "Chovanec, Alice"]
[Black "Goodrich, Elliot"]
[Result "0-1"]
[TimeControl "G/90;d5"]
[WhiteElo "1695"]
[BlackElo "1868"]

1. d4 {[%clk 01:30:00]} {[%emt 00:00:04]} d5 {[%clk 01:30:00]} {[%emt
00:00:02]} 2. c4 {[%clk 01:29:56]} {[%emt 00:00:09]} c6 {[%clk 01:30:00]}
{[%emt 00:00:02]} 3. Nc3 {[%clk 01:29:53]} {[%emt 00:00:08]} Nf6 {[%clk
01:30:00]} {[%emt 00:00:05]} 4. e3 {[%clk 01:29:48]} {[%emt 00:00:10]} e6
{[%clk 01:30:00]} {[%emt 00:00:04]} 5. Nf3 {[%clk 01:29:42]} {[%emt 00:00:12]}
Nbd7 {[%clk 01:30:00]} {[%emt 00:00:05]} 6. Qc2 {[%clk 01:29:29]} {[%emt
00:00:18]} Bd6 {[%clk 01:29:50]} {[%emt 00:00:16]} 7. Bd3 {[%clk 01:29:18]}
{[%emt 00:00:16]} dxc4 {[%clk 01:29:49]} {[%emt 00:00:06]} 8. Bxc4 {[%clk
01:29:11]} {[%emt 00:00:12]} b5 {[%clk 01:29:49]} {[%emt 00:00:02]} 9. Bd3
{[%clk 01:28:59]} {[%emt 00:00:16]} O-O {[%clk 01:29:47]} {[%emt 00:00:07]} 10.
O-O {[%clk 01:28:32]} {[%emt 00:00:32]} Bb7 {[%clk 01:29:47]} {[%emt 00:00:01]}
11. e4 {[%clk 01:26:24]} {[%emt 00:02:13]} e5 {[%clk 01:29:21]} {[%emt
00:00:32]} 12. dxe5 {[%clk 01:25:16]} {[%emt 00:01:13]} Nxe5 {[%clk 01:29:20]}
{[%emt 00:00:05]} 13. Nxe5 {[%clk 01:24:40]} {[%emt 00:00:41]} Bxe5 {[%clk
01:29:20]} {[%emt 00:00:03]} 14. f4 {[%clk 01:20:39]} {[%emt 00:04:05]} Bd4+
{[%clk 01:28:37]} {[%emt 00:00:48]} 15. Kh1 {[%clk 01:19:19]} {[%emt 00:01:26]}
Ng4 {[%clk 01:27:13]} {[%emt 00:01:28]} 16. Nd1 {[%clk 01:13:15]} {[%emt
00:06:10]} a6 {[%clk 01:24:14]} {[%emt 00:03:03]} 17. Rf3 {[%clk 01:04:11]}
{[%emt 00:09:09]} Qh4 {[%clk 01:22:05]} {[%emt 00:02:15]} 18. g3 {[%clk
01:01:39]} {[%emt 00:02:36]} Qh5 {[%clk 01:21:58]} {[%emt 00:00:13]} 19. Qg2
{[%clk 00:59:22]} {[%emt 00:02:20]} c5 {[%clk 01:21:06]} {[%emt 00:00:59]} 20.
h3 {[%clk 00:53:16]} {[%emt 00:06:10]} f5 {[%clk 01:20:45]} {[%emt 00:00:27]}
21. Nf2 {[%clk 00:42:29]} {[%emt 00:10:51]} Nxf2+ {[%clk 01:19:52]} {[%emt
00:00:58]} 22. Rxf2 {[%clk 00:41:35]} {[%emt 00:01:00]} Bxf2 {[%clk 01:19:52]}
{[%emt 00:00:05]} 23. Qxf2 {[%clk 00:41:06]} {[%emt 00:00:33]} fxe4 {[%clk
01:19:41]} {[%emt 00:00:17]} 24. Bxe4 {[%clk 00:39:02]} {[%emt 00:02:09]} Bxe4+
{[%clk 01:19:41]} {[%emt 00:00:04]} 25. Kh2 {[%clk 00:38:29]} {[%emt 00:00:37]}
Qd1 {[%clk 01:19:30]} {[%emt 00:00:17]} 26. g4 {[%clk 00:37:03]} {[%emt
00:01:30]} Qh1+ {[%clk 01:19:30]} {[%emt 00:00:06]} 27. Kg3 {[%clk 00:36:52]}
{[%emt 00:00:15]} Rad8 {[%clk 01:19:30]} {[%emt 00:00:02]} 28. Be3 {[%clk
00:35:33]} {[%emt 00:01:24]} Qxa1 {[%clk 01:19:30]} {[%emt 00:00:05]} 29. Bxc5
{[%clk 00:35:10]} {[%emt 00:00:27]} Rd3+ {[%clk 01:19:26]} {[%emt 00:00:09]} 30.
Kh4 {[%clk 00:33:53]} {[%emt 00:01:22]} Qh1 {[%clk 01:18:31]} {[%emt 00:01:01]}
31. Be3 {[%clk 00:33:13]} {[%emt 00:00:44]} g5+ {[%clk 01:18:14]} {[%emt
00:00:23]} 32. Kxg5 {[%clk 00:30:59]} {[%emt 00:02:19]} Qxh3 {[%clk 01:18:12]}
{[%emt 00:00:07]} 33. f5 {[%clk 00:30:43]} {[%emt 00:00:19]} Qxe3+ {[%clk
01:18:06]} {[%emt 00:00:12]} 34. Qxe3 {[%clk 00:30:31]} {[%emt 00:00:17]} Rxe3
{[%clk 01:18:05]} {[%emt 00:00:07]} 35. Kf4 {[%clk 00:30:25]} {[%emt 00:00:10]}
Re1 {[%clk 01:18:05]} {[%emt 00:00:03]} 36. Kg3 {[%clk 00:30:00]} {[%emt
00:00:29]} h5 {[%clk 01:18:00]} {[%emt 00:00:11]} 37. gxh5 {[%clk 00:29:41]}
{[%emt 00:00:24]} Rxf5 {[%clk 01:18:00]} {[%emt 00:00:05]} 38. Kg4 {[%clk
00:29:05]} {[%emt 00:00:41]} Rg1+ {[%clk 01:18:00]} {[%emt 00:00:05]} 39. Kh4
{[%clk 00:28:51]} {[%emt 00:00:19]} Kh7 {[%clk 01:18:00]} {[%emt 00:00:02]} 40.
b3 {[%clk 00:28:39]} {[%emt 00:00:17]} Kh6 {[%clk 01:17:59]} {[%emt 00:00:06]}
41. b4 {[%clk 00:28:36]} {[%emt 00:00:08]} Rxh5# {[%emt 00:00:03]} 0-1

[Event "National Elementary Championship"]
[Site "Columbus, Ohio, United States"]
[Date "2022.05.14"]
[Round "5.18"]
[White "Li, Mason"]
[Black "Wang, Ted"]
[Result "1-0"]
[TimeControl "G/90;d5"]
[WhiteElo "1559"]
[BlackElo "1825"]

1. d4 {[%clk 01:30:00]} {[%emt 00:00:12]} Nf6 {[%clk 01:30:00]} 2. Bf4 {[%clk
01:29:59]} {[%emt 00:00:10]} g6 {[%clk 01:30:00]} 3. e3 {[%clk 01:29:56]}
{[%emt 00:00:07]} Bg7 {[%clk 01:30:00]} {[%emt 00:00:04]} 4. c4 {[%clk
01:29:52]} {[%emt 00:00:15]} O-O {[%clk 01:29:56]} {[%emt 00:00:12]} 5. Nc3
{[%clk 01:29:52]} {[%emt 00:00:04]} d6 {[%clk 01:29:53]} 6. Nf3 {[%clk
01:29:48]} {[%emt 00:00:06]} Nbd7 {[%clk 01:29:38]} {[%emt 00:00:20]} 7. Bd3
{[%clk 01:28:09]} {[%emt 00:01:41]} Nh5 {[%clk 01:29:00]} {[%emt 00:00:44]} 8.
Bg5 {[%clk 01:26:22]} {[%emt 00:01:51]} h6 {[%clk 01:28:57]} {[%emt 00:00:12]}
9. Bh4 {[%clk 01:26:21]} {[%emt 00:00:06]} g5 {[%clk 01:28:51]} {[%emt
00:00:11]} 10. Nxg5 {[%clk 01:23:44]} {[%emt 00:02:37]} Nhf6 {[%clk 01:17:13]}
{[%emt 00:11:45]} 11. Nge4 {[%clk 01:20:27]} {[%emt 00:03:22]} c5 {[%clk
01:14:54]} {[%emt 00:02:23]} 12. Nxf6+ {[%clk 01:13:45]} {[%emt 00:06:47]} Nxf6
{[%clk 01:14:50]} {[%emt 00:00:11]} 13. O-O {[%clk 01:11:39]} {[%emt 00:02:11]}
Bg4 {[%clk 01:14:03]} {[%emt 00:00:52]} 14. Qc2 {[%clk 01:10:17]} {[%emt
00:01:25]} cxd4 {[%clk 01:09:24]} {[%emt 00:04:43]} 15. exd4 {[%clk 01:10:16]}
{[%emt 00:00:10]} Rc8 {[%clk 01:05:32]} {[%emt 00:03:57]} 16. h3 {[%clk
01:09:33]} {[%emt 00:00:54]} Be6 {[%clk 01:03:50]} {[%emt 00:01:35]} 17. d5
{[%clk 01:06:53]} {[%emt 00:03:12]} Bd7 {[%clk 01:02:57]} {[%emt 00:00:40]} 18.
Rfe1 {[%clk 01:05:42]} {[%emt 00:01:11]} Re8 {[%clk 00:59:37]} {[%emt
00:03:26]} 19. Re3 {[%clk 01:03:08]} {[%emt 00:02:36]} a6 {[%clk 00:56:01]}
{[%emt 00:03:58]} 20. Rae1 {[%clk 01:01:29]} {[%emt 00:01:50]} b5 {[%clk
00:55:15]} {[%emt 00:00:30]} 21. cxb5 {[%clk 00:59:05]} {[%emt 00:02:29]} Nxd5
{[%clk 00:51:45]} {[%emt 00:03:40]} 22. Rg3 {[%clk 00:53:52]} {[%emt 00:05:13]}
Kh8 {[%clk 00:48:53]} {[%emt 00:02:56]} 23. Qb3 {[%clk 00:52:34]} {[%emt
00:01:23]} Nf6 {[%clk 00:33:34]} {[%emt 00:15:29]} 24. Qxf7 {[%clk 00:52:12]}
{[%emt 00:00:26]} Rg8 {[%clk 00:33:25]} {[%emt 00:00:08]} 25. Rxe7 {[%clk
00:50:49]} {[%emt 00:01:55]} Be8 {[%clk 00:29:33]} {[%emt 00:03:32]} 26. Qxf6
{[%clk 00:50:43]} {[%emt 00:00:14]} 1-0

[Event "National Elementary Championship"]
[Site "Columbus, Ohio, United States"]
[Date "2022.05.14"]
[Round "5.19"]
[White "Muthu, Kamatchi"]
[Black "Hanke, Harvey"]
[Result "0-1"]
[TimeControl "G/90;d5"]
[WhiteElo "1362"]
[BlackElo "1728"]

1. e4 {[%clk 01:30:00]} {[%emt 00:00:20]} e5 {[%clk 01:30:00]} 2. Nf3 {[%clk
01:30:00]} Nc6 {[%clk 01:30:00]} {[%emt 00:00:03]} 3. d4 {[%clk 01:30:00]}
{[%emt 00:00:12]} exd4 {[%clk 01:30:00]} 4. Nxd4 {[%clk 01:29:59]} Bc5 {[%clk
01:29:59]} {[%emt 00:00:07]} 5. Nb3 {[%clk 01:29:55]} {[%emt 00:00:08]} Bb6
{[%clk 01:29:57]} {[%emt 00:00:05]} 6. Nc3 {[%clk 01:29:48]} {[%emt 00:00:18]}
Nf6 {[%clk 01:29:35]} {[%emt 00:00:22]} 7. Bg5 {[%clk 01:29:34]} {[%emt
00:00:17]} h6 {[%clk 01:29:22]} {[%emt 00:00:19]} 8. Bxf6 {[%clk 01:25:58]}
{[%emt 00:03:40]} Qxf6 {[%clk 01:29:16]} {[%emt 00:00:14]} 9. Qd2 {[%clk
01:24:48]} {[%emt 00:01:13]} d6 {[%clk 01:24:31]} {[%emt 00:05:01]} 10. f3
{[%clk 01:19:09]} {[%emt 00:05:33]} Be6 {[%clk 01:23:47]} {[%emt 00:00:51]} 11.
O-O-O {[%clk 01:13:24]} {[%emt 00:06:20]} a6 {[%clk 01:20:17]} {[%emt
00:03:15]} 12. Nd5 {[%clk 01:08:23]} {[%emt 00:04:59]} Bxd5 {[%clk 01:18:23]}
{[%emt 00:02:00]} 13. exd5 {[%clk 01:06:05]} {[%emt 00:02:17]} Ne7 {[%clk
01:18:00]} {[%emt 00:00:36]} 14. Bc4 {[%clk 00:58:53]} {[%emt 00:07:12]} O-O-O
{[%clk 01:17:21]} {[%emt 00:00:46]} 15. Rhe1 {[%clk 00:57:43]} {[%emt
00:01:11]} Ng6 {[%clk 01:15:43]} {[%emt 00:01:48]} 16. Kb1 {[%clk 00:55:49]}
{[%emt 00:01:52]} Rhe8 {[%clk 01:14:51]} {[%emt 00:01:21]} 17. Qb4 {[%clk
00:49:46]} {[%emt 00:05:47]} Ne5 {[%clk 01:13:01]} {[%emt 00:01:52]} 18. a4
{[%clk 00:44:52]} {[%emt 00:04:59]} Nxc4 {[%clk 01:11:10]} {[%emt 00:01:54]} 19.
Qxc4 {[%clk 00:44:48]} {[%emt 00:00:25]} Re5 {[%clk 01:09:07]} {[%emt
00:01:54]} 20. f4 {[%clk 00:39:31]} {[%emt 00:05:34]} Re7 {[%clk 01:04:06]}
{[%emt 00:04:53]} 21. Rxe7 {[%clk 00:28:07]} {[%emt 00:11:28]} Qxe7 {[%clk
01:04:01]} {[%emt 00:00:17]} 22. a5 {[%clk 00:26:43]} {[%emt 00:01:26]} Ba7
{[%clk 01:03:50]} {[%emt 00:00:13]} 23. Qc3 {[%clk 00:20:43]} {[%emt 00:06:05]}
f6 {[%clk 00:51:15]} {[%emt 00:12:39]} 24. Re1 {[%clk 00:19:52]} {[%emt
00:00:57]} Qf7 {[%clk 00:51:07]} {[%emt 00:00:33]} 25. Re6 {[%clk 00:17:28]}
{[%emt 00:02:09]} Kb8 {[%clk 00:49:48]} {[%emt 00:01:24]} 26. f5 {[%clk
00:15:26]} {[%emt 00:02:24]} Rg8 {[%clk 00:49:13]} {[%emt 00:00:25]} 27. Qe1
{[%clk 00:11:44]} {[%emt 00:04:00]} Rc8 {[%clk 00:47:49]} {[%emt 00:01:12]} 28.
Qe4 {[%clk 00:08:27]} {[%emt 00:03:28]} Qh5 {[%clk 00:46:01]} {[%emt 00:01:49]}
29. g4 {[%clk 00:07:06]} {[%emt 00:01:30]} Qxh2 {[%clk 00:42:54]} {[%emt
00:03:10]} 30. Re8 {[%clk 00:06:42]} {[%emt 00:00:26]} Qg1+ {[%clk 00:38:01]}
{[%emt 00:05:04]} 31. Ka2 {[%clk 00:06:30]} {[%emt 00:00:14]} b6 {[%clk
00:36:55]} {[%emt 00:01:11]} 32. Nd4 {[%clk 00:00:43]} {[%emt 00:05:52]} Rxe8
{[%clk 00:35:13]} {[%emt 00:01:44]} 33. Qxe8+ {[%clk 00:00:41]} {[%emt
00:00:39]} Kb7 {[%clk 00:35:11]} 34. Qc6+ {[%clk 00:00:07]} {[%emt 00:00:14]}
Kc8 {[%clk 00:34:57]} {[%emt 00:00:14]} 35. Qe8+ {[%clk 00:00:07]} {[%emt
00:00:38]} Kb7 {[%clk 00:34:46]} {[%emt 00:00:04]} 36. Qc6+ {[%clk 00:00:02]}
{[%emt 00:00:04]} Kc8 {[%clk 00:34:18]} {[%emt 00:00:24]} 37. Qe8+ {[%clk
00:00:02]} {[%emt 00:00:03]} Kb7 {[%clk 00:34:13]} {[%emt 00:00:07]} 38. Nc6
{[%emt 00:05:52]} 0-1